O bando das cavernas: eu vou a Marte! (Registo nº 33756)
[ vista simples ]
| 000 -Etiqueta do registo | |
|---|---|
| Valores | 00582nam a2200241 4500 |
| 010 ## - Número ISBN | |
| ISBN | 978-989-564-581-7 |
| 021 ## - Número do Depósito Legal | |
| -- | PT |
| 090 ## - | |
| -- | 33756 |
| 100 ## - Dados gerais de processamento | |
| Dados gerais | 20210920 frey50 |
| 101 ## - Língua de publicação | |
| -- | por |
| 102 ## - País de publicação | |
| -- | PT |
| 200 ## - Titulo e menção de responsabilidade | |
| Título próprio | O bando das cavernas: eu vou a Marte! |
| Primeira menção de responsabilidade | Nuno Caravela |
| 205 ## - Menção da edição | |
| Edição | 1ª ed. |
| 210 ## - Publicação | |
| Local de publicação | Amadora |
| Nome do editor | Booksmile |
| Data de publicação | 2021 |
| 215 ## - Descrição física | |
| Paginação / Volumes | 128 p. |
| Outras indicações físicas | il. |
| Material acompanhante | 19 cm |
| 225 ## - Colecção | |
| Título próprio da colecção | O bando das cavernas |
| Número de parte ou secção | 34 |
| 606 ## - Nome comum usado como assunto | |
| ID Autoridade | 1350 |
| Palavra de ordem | Juvenil |
| 675 ## - CDU | |
| Notação | 8(0875.5) |
| 700 ## - Autor principal (pessoa individual) | |
| ID Autoridade | 5289 |
| Apelido | Caravela |
| Nome | Nuno |
| 801 ## - Fonte de origem | |
| País | PT |
| Regras de catalogação | RPC |
| 990 ## - Elementos KOHA | |
| Tipo de documento | Livro |
| 994 ## - Estado da catalogação | |
| -- | COMP |
| Situação do levantamento | Estado | Biblioteca de origem | Biblioteca de empréstimo | Código de barras | Cota | Permissão de empréstimo | Tipo de documento | Nota relativa ao exemplar |
|---|---|---|---|---|---|---|---|---|
| Completo | Biblioteca Municipal de Viana Do Alentejo | Biblioteca Municipal de Viana Do Alentejo | 0033574 | 8 CAR | Disponível | Livro | DOS 6 AOS 10 ANOS |